000 01412nam a22003737a 4500
003 CHAP
005 20220329143535.0
008 100426s2010 mx r 00010 spa d
010 _a98247
011 _a99219
035 _a109904
040 _cCHAP
090 _aTesis
100 1 _aRamírez Bartolo, César.
_993887
245 1 0 _aComparación de 11 esquemas de fertilización en cuatro variedades de frijol
_c/por Cásar Ramírez Bartolo
260 _aChapingo, Méx. :
_bEl autor,
_c2010
300 _axi, 82 h. :
_bcuadros, gráfs.
502 _aTesis (Ing. Agr. Esp. en Fitotecnia) -- Departamento de Fitotecnia
530 _aTambién disponible en línea
590 _aALEPH
_b10
_c20130110
_lUCH01
_h1534
590 _aBATCH-UPD
_b10
_c20130110
_lUCH01
_h1203
590 _aBATCH-UPD
_b10
_c20130410
_lUCH01
_h0745
590 _aBATCH-UPD
_b10
_c20130914
_lUCH01
_h1400
590 _aBATCH-UPD
_b10
_c20140324
_lUCH01
_h1516
590 _aBATCH-UPD
_b10
_c20141002
_lUCH01
_h0843
590 _aCONVERSION
_b10
_c20130109
_lUCH01
_h1354
650 1 4 _aFertilizantes
_xEfecto en frijol.
_940511
650 1 4 _aFrijol
_xVariedades.
_943446
856 _3Finding aid
_uhttp://10.13.5.2/tesis/109904.pdf
_zTeclea aqui
901 _aBK
942 _cFOLL
949 _aTesis
_bBC
_cTES
_d33724002166827
_eTS2
_fc.2
_gDonaciØn
_h50399
_i109904
_sb
949 _aTesis
_bBC
_cTES
_d33724002166868
_eTS1
_gDonaciØn
_h50398
_i109904
_sb
999 _c98247
_d98247